Sports Quiz

Random Sports Quiz
Score 0/20 Timer 05:00
0 Plays Today
% Correct
Rampage
99.4%
Spider
96.8%
Shogun
94.8%
The Natural
94.8%
Big Country
86.1%
The Truth
81.6%
The Carpenter
80.9%
Mayhem
79%
Babalu
75.4%
Kimbo Slice
68.3%
% Correct
Cowboy
66%
Lights Out
65.7%
Snowman
53.7%
Hands of Steel
45.6%
The Rock
43.7%
Hellboy
36.9%
Mach
36.6%
The Punk
32.7%
Shaolin
32%
Moonwolf
12.9%

You're not logged in!

Compare scores with friends on all Sporcle quizzes.
OR
Log In

Sporcle TV

Today on Sporcle TV


Watch our educational content, quiz creation guides, and fun videos on Sporcle TV.

Show Comments

Extras

Created Sep 28, 2009SourceReportNominate
Tags:Fighter, MMA, nickname

Top Quizzes Today


Score Distribution

Paid Content

Your Account Isn't Verified!

In order to create a playlist on Sporcle, you need to verify the email address you used during registration. Go to your Sporcle Settings to finish the process.

Report this User

Report this user for behavior that violates our Community Guidelines.

Details: